1216 1112 1230 1378 1932 1227 1068 1065 1909 1461 1403 1288 1102 1399 1654 1179 1500 1504 1619 1713 1239 1345 1398 1841 1058 1168 1808 1747 1410 1187 1724 1934 1659 1954 1319 1828 1606 1866 1584 1309 1008 1103 1935 1726 1997 1408 1281 1943 1780 1217 1562 1657 1218 1171 1229 1444 1959 1055 1397 1238 1695 1112 1990 1916 1952 1868 1178 1681 1047 1199 1332 1516 1190 1184 1352 1981 1070 1022 1148 1829 1070 1613 1221 1646 1144 1547 1488 1768 1635 1265 1375 1034 1337 1504 1995 1585 1029 1314 1490 BCNSPRNW ULIB Ver.6.0+V

เปลี่ยนเป็นภาษาไทย

Change to English
 แสดงรายละเอียดบรรณานุกรม
  กลับหน้าหลัก

Brief Record : Get Marc (ISO 2709) : E-mail record : QR code < ปิดหน้าต่าง
LEADER : 00000nas 2200000uu 4500
001    13399114638
003     ULIB
008    120425s||||||||th 000 0 tha d
110    ^aมูลนิธิส่งเสริมสร้างเอกลักษณ์ของชาติ
245    ^aทิศไท
260    ^aกรุงเทพฯ :^bมูลนิธิส่งเสริมสร้างเอกลักษณ์ของชาติ,^cม.ป.ป.
310    ^aรายสามเดือน
850    ^aฉบับที่ 7 ปีที่ 3;ฉบับที่ 8 ปีที่ 3
945    ^p0^l0^i800107
945    ^p0^l0^i800177
945    ^p0^l0^i800178
999 ^a ใช้งานได้ทุกระบบ
รายการนี้ยังไม่มีแท็ก
คุณยังไม่ได้ล็อกอิน คุณสามารถมีกิจกรรมร่วมกับเว็บไซต์ได้ แต่ต้องล็อกอินก่อน ::
  ล็อกอิน

รายการสื่อสารสนเทศ (วารสาร)

ดูแบบ: กล่อง รายการ
ARRIVED
no call number
สถานที่: ห้องสมุดวิทยาเขตสวรรค์ประชารักษ์ >วารสาร
รายการใกล้เคียง
    ชื่อเรื่อง [ทิศไท]

BibComment


ยังไม่เคยถูกคอมเมนท์

คอมเมนท์ทรัพยากรรายการนี้
  คอมเมนท์: ทิศไท


 Copyright 2026. Bcnsprnw @Library